ABC's of Selling

Salvato in:
Dettagli Bibliografici
Autore principale: Futrell, Charles M.
Natura: Libro
Lingua:inglese
Pubblicazione: Homewood IRWIN 1985
Edizione:1. ed.
Soggetti:
Tags: Aggiungi Tag
Nessun Tag, puoi essere il primo ad aggiungerne!!

MARC

LEADER 00000nam a2200000 4500
001 c012721
005 20221207074402.6
020 |a 0-256-03304-8 
041 0 |a eng 
044 |a US 
245 1 0 |a ABC's of Selling  |c Charles M. Futrell 
250 |a 1. ed. 
264 1 |a Homewood  |b IRWIN  |c 1985 
300 |a 414 s. 
610 2 0 |a predaj 
610 2 0 |a predajcovia 
610 2 0 |a technika predaja 
610 2 0 |a psychológia predaja 
610 2 0 |a komunikácia 
610 2 0 |a manažéri 
100 1 |a Futrell, Charles M.